[Event "BCF-ch"]
[Site "Southport"]
[Date "1983.??.??"]
[Round "6"]
[White "Barua, Dibyendu"]
[Black "Murshed, Niaz"]
[Result "1/2-1/2"]
[WhiteElo "2475"]
[BlackElo "2405"]

1.e4 c5 2.Nf3 Nc6 3.Nc3 e6 4.Bb5 Nge7 5.O-O a6 6.Bxc6 Nxc6 7.d4 cxd4 8.Nxd4 Qc7
9.Re1 Bd6 10.Nd5 exd5 11.exd5+ Ne5 12.f4 O-O 13.fxe5 Bxe5 14.Nf3 Bd6 15.Qd3 b5
16.a4 b4 17.Be3 Bb7 18.c4 bxc3 19.bxc3 a5 20.c4 Ba6 21.Rac1 Rae8 22.Kh1 Bb4
23.Rf1 f5 24.Bd4 Qd6 25.Qb3 Bc5 26.Qc3 Re4 27.Bxg7 Rc8 28.Bh8 Qg6 29.Ne5 Bd4
30.Qxd4 Rxd4 31.Nxg6 Re4 32.Ne5 d6 33.Bf6 dxe5 34.d6 Rd4 35.Bxe5 Rdxc4 36.Rxc4 Bxc4
37.Rxf5 Bb3 38.h3 Bxa4 39.Rg5+ Kf8 40.Rg7 Re8 41.Bf6 Re6 42.d7 Bxd7  1/2-1/2

[Event "Yerevan Girls"]
[Site "Yerevan"]
[Date "1983.??.??"]
[Round "4"]
[White "Sirotkina, Nina"]
[Black "Bistrikova, Elena V"]
[Result "1-0"]
[WhiteElo "2000"]
[BlackElo "2000"]

1.e4 c5 2.Nf3 Nc6 3.Nc3 g6 4.d4 cxd4 5.Nxd4 Bg7 6.Be3 Nf6 7.f3 O-O 8.Qd2 d5
9.O-O-O e6 10.Kb1 Qe7 11.exd5 Nxd5 12.Nxd5 exd5 13.Bb5 Ne5 14.Rhe1 Nc4 15.Bxc4 dxc4
16.Bh6 Qc7 17.Bxg7 Kxg7 18.Qc3 Kg8 19.Nb5 Qxh2 20.Nd6 Be6 21.Rh1 Qf4 22.g3  1-0

[Event "Yerevan op"]
[Site "Yerevan"]
[Date "1983.??.??"]
[Round "7"]
[White "Kuzovkin, Alexander"]
[Black "Sadriev, T."]
[Result "1/2-1/2"]
[WhiteElo "2200"]
[BlackElo "2200"]

1.e4 c5 2.Nf3 Nc6 3.Nc3 g6 4.d4 cxd4 5.Nxd4 Bg7 6.Be3 Nf6 7.Bc4 O-O 8.Bb3 a5
9.f3 d5 10.Bxd5 Nxd5 11.exd5 Nb4 12.Nde2 Bf5 13.Rc1 b5 14.a3 Bxc2 15.Rxc2 Nxc2+
16.Qxc2 b4 17.Na4 Qxd5 18.Nb6 Qe6 19.Kf2 Ra6 20.Nf4 Qa2 21.axb4 axb4 22.Nd3 Qe6
23.Nf4 Qa2 24.Nd3 Qe6 25.Nc4 b3 26.Qxb3 Rc6 27.Rc1 Rfc8 28.Na5 Rxc1 29.Bxc1  1/2-1/2

[Event "Albena"]
[Site "Albena"]
[Date "1984.??.??"]
[Round "?"]
[White "Cabrilo, Goran"]
[Black "Pils, Walter"]
[Result "1/2-1/2"]
[WhiteElo "2435"]
[BlackElo "2370"]

1.e4 c5 2.Nf3 Nc6 3.Nc3 d6 4.d4 cxd4 5.Nxd4 e5 6.Nb3 Be7 7.Bc4 Nf6 8.Bg5 O-O
9.Bxf6 Bxf6 10.Nd5 Be6 11.c3 Bg5 12.Qe2 a6 13.a4 Rc8 14.O-O Kh8 15.a5 Qe8
16.Nb6 Rd8 17.Rfd1 f5 18.Bxe6 Qxe6 19.Nd5 Rd7 20.Nd2 Bxd2 21.Rxd2 Rdf7 22.f3 fxe4
23.Qxe4 Qh6 24.Re2 Nd8 25.Rd1 Ne6 26.Ne3 Nf4 27.Red2 Qg5 28.Kh1 Rf6 29.Rxd6 Rxd6
30.Rxd6 h6 31.g3 Nh3 32.Kg2 Nf4+ 33.Kf1 Nh3 34.Kg2 Nf4+ 35.Kf1 Qe7 36.Qb4 Ng6
37.Rxg6 Rxf3+ 38.Ke2 Qf7 39.Qe4 Rf2+ 40.Kd3 Qa2 41.Rg4 Qxb2 42.Qa4 Qe2+ 43.Ke4 Qf3+
44.Kd3 Qe2+ 45.Ke4 Qf3+  1/2-1/2

[Event "FRG-ch"]
[Site "Bad Neuenahr"]
[Date "1984.??.??"]
[Round "?"]
[White "Lobron, Eric"]
[Black "Ostermeyer, Peter"]
[Result "1/2-1/2"]
[WhiteElo "2520"]
[BlackElo "2460"]

1.e4 c5 2.Nc3 Nc6 3.Nge2 e5 4.Nd5 Nge7 5.Nec3 d6 6.Bc4 Nxd5 7.Nxd5 Be7 8.d3 O-O
9.O-O Be6 10.c3 Na5 11.Be3 Bg5 12.Qh5 Bxe3 13.Nxe3 h6 14.Rad1 Nc6 15.Rd2 Rb8
16.Bd5 Bxd5 17.Nxd5 Ne7 18.Ne3 Qd7 19.d4 cxd4 20.cxd4 Qe6 21.b3 exd4 22.Rxd4 Nc6
23.Rc4 Ne5 24.Rc2 Rbc8 25.Rd2 Nd7 26.Qd5 Nf6 27.Qxe6 fxe6 28.Rxd6 Nxe4 29.Rxe6 Nc3
30.Re7 Rf7 31.Rxf7 Kxf7 32.g3 Nxa2 33.Nc4 Kf6 34.Ra1 b5 35.Rxa2 bxc4 36.bxc4 Rxc4
37.Rxa7 h5 38.Kf1 h4 39.Kg2 hxg3 40.hxg3 g5 41.Ra6+ Kf7 42.Kh3 Kg7 43.f3 Kf7
44.Ra2 Kf6 45.Re2 g4+ 46.fxg4 Rc1 47.Ra2 Rh1+ 48.Kg2 Rb1 49.Ra5 Kg6 50.Re5 Ra1
51.Rb5 Rc1 52.Rb8 Ra1 53.Re8 Rb1 54.Re5 Ra1 55.g5 Ra3 56.Kh3 Ra4 57.Re8 Kxg5
58.Rg8+ Kf6  1/2-1/2

[Event "BCF-ch"]
[Site "Brighton"]
[Date "1984.??.??"]
[Round "11"]
[White "Shaw, Robert"]
[Black "Freeman, R."]
[Result "1/2-1/2"]
[WhiteElo "2050"]
[BlackElo "2095"]

1.e4 c5 2.Nf3 Nc6 3.Nc3 g6 4.d4 cxd4 5.Nxd4 Bg7 6.Be3 Nf6 7.f3 O-O 8.Qd2 d5
9.O-O-O dxe4 10.Nxc6 Qxd2+ 11.Rxd2 bxc6 12.Nxe4 Nxe4  1/2-1/2

[Event "Midwest Masters-B"]
[Site "Chicago"]
[Date "1984.??.??"]
[Round "3"]
[White "Sprenkle, David"]
[Black "Chachere, Lawrence"]
[Result "1-0"]
[WhiteElo "2425"]
[BlackElo "2265"]

1.e4 c5 2.Nc3 Nc6 3.Nge2 d6 4.d4 cxd4 5.Nxd4 Nf6 6.Bg5 e6 7.Qd2 a6 8.O-O-O Be7
9.f4 Bd7 10.Be2 Qc7 11.Bf3 O-O-O 12.Nb3 Be8 13.Qe1 Kb8 14.Kb1 Nd7 15.Bxe7 Nxe7
16.Qe3 Nb6 17.Be2 f6 18.Nd4 Bf7 19.f5 e5 20.Ne6 Bxe6 21.fxe6 Qc5 22.Qg3 g6
23.Qh4 Rdf8 24.Rd2 d5 25.exd5 Nexd5 26.Nxd5 Nxd5 27.Bf3 Nb4 28.c3 Nc6 29.Rhd1 Qe7
30.Bxc6 bxc6 31.Qc4 Qb7 32.e7  1-0

[Event "Politiken Cup"]
[Site "Copenhagen"]
[Date "1984.??.??"]
[Round "7"]
[White "Nilsson, Nils Specht"]
[Black "Knudsen, Per"]
[Result "0-1"]
[WhiteElo "2245"]
[BlackElo "2295"]

1.e4 c5 2.Nf3 Nc6 3.Nc3 g6 4.d4 cxd4 5.Nxd4 Bg7 6.Be3 Nf6 7.Nb3 d6 8.Be2 Bd7
9.O-O O-O 10.f3 Ne8 11.Qd2 Rc8 12.Bh6 a5 13.Bxg7 Nxg7 14.Rad1 Qb6+ 15.Kh1 Be6
16.f4 f5 17.Nd5 Qa7 18.exf5 Nxf5 19.g4 Ng7 20.a4 Kh8 21.Bf3 Bg8 22.Bg2 e5
23.fxe5 dxe5 24.Nf6 Rcd8 25.Qe2 Rxd1 26.Qxd1 Bc4 27.Rf3 Rf7 28.g5 Ne6 29.h4 Qb6
30.Qd6 Nf4 31.Rc3 Qf2 32.Bxc6 Qe1+ 33.Kh2 Qxh4+ 34.Kg1 Qe1+ 35.Kh2 Qh4+ 36.Kg1 Qxg5+
37.Kh2 Qh4+ 38.Kg1 Qe1+ 39.Kh2 Qh4+ 40.Kg1 Ne2+ 41.Kg2 Rxf6  0-1

[Event "DDR-ch 33th"]
[Site "Eilenburg"]
[Date "1984.??.??"]
[Round "8"]
[White "Vogt, Lothar"]
[Black "Womacka, Mathias"]
[Result "1-0"]
[WhiteElo "2485"]
[BlackElo "2200"]

1.e4 c5 2.Nc3 Nc6 3.Nge2 e5 4.Nd5 Nce7 5.Ne3 Nf6 6.Nc3 a6 7.a4 d5 8.exd5 Nexd5
9.Ncxd5 Nxd5 10.Qh5 Nxe3 11.Qxe5+ Be7 12.dxe3 O-O 13.Bd3 Bd6 14.Qe4 f5 15.Qd5+ Kh8
16.Bd2 Qe7 17.Bc3 Be6 18.Qf3 Rad8 19.Rd1 c4 20.Be2 Bb4 21.O-O Bxc3 22.bxc3 Qa3
23.Qxb7 Qxa4 24.Rxd8 Rxd8 25.Qb6 Re8 26.Bh5 g6 27.Bf3 Qxc2 28.Qc6 Bf7 29.Bd5 Rf8
30.Bxf7 Rxf7 31.Qxc4 Kg7 32.Qd4+ Kg8 33.h4 Qb3 34.Ra1 Qb5 35.c4 Qc6 36.c5 Ra7
37.Rd1 Rc7 38.Qe5 Rc8 39.Rd6 Qe8 40.Qxe8+ Rxe8 41.Rxa6 Re4 42.c6  1-0

[Event "DDR-ch 33th"]
[Site "Eilenburg"]
[Date "1984.??.??"]
[Round "10"]
[White "Pfretzschner, Roland"]
[Black "Paehtz, Thomas Sr"]
[Result "1/2-1/2"]
[WhiteElo "2200"]
[BlackElo "2360"]

1.e4 c5 2.Nc3 Nc6 3.Nf3 e5 4.Bb5 d6 5.O-O Ne7 6.b4 cxb4 7.Nd5 a6 8.Bxc6+ bxc6
9.Nxb4 a5 10.Nd3 Ng6 11.Nb2 Be7 12.d4 Bg4 13.dxe5 Nxe5 14.Bf4 Bxf3 15.gxf3 Ng6
16.Qd2 d5 17.Nd3 Nxf4 18.Qxf4 O-O 19.Rab1 dxe4 20.fxe4 Qd4 21.Qe5 Qd7 22.Qg3 c5
23.Nf4 Bd6 24.Qh4 Bxf4 25.Qxf4 Qe6 26.a3 Qc4 27.Qe3 Rac8 28.Qd3 Qe6 29.Rbd1 c4
30.Qe3 Rc6 31.f3 c3 32.Rd3 Rfc8 33.Rfd1 h6 34.Rd5 a4 35.R5d4 Qa2 36.Qc1 Rf6
37.f4 Rc4 38.Rxc4 Qxc4 39.Qe3 Qc8 40.f5 Rc6 41.Qd4 Rc4 42.Qb6 Rc7 43.Qd4 Rc4
44.Qb6 Rc7  1/2-1/2

[Event "Hamburg op"]
[Site "Hamburg"]
[Date "1984.??.??"]
[Round "1"]
[White "Iskov, Gert"]
[Black "Hardicsay, Peter"]
[Result "1-0"]
[WhiteElo "2360"]
[BlackElo "2335"]

1.e4 c5 2.Nc3 Nc6 3.Nge2 Nf6 4.g3 d6 5.Bg2 e5 6.d3 Be7 7.O-O h5 8.Bg5 Ng4
9.Bxe7 Nxe7 10.h3 Nf6 11.f4 Bd7 12.Qd2 Qb6 13.fxe5 dxe5 14.Qg5 Ng6 15.Nd5 Nxd5
16.exd5 Qd8 17.Qe3 O-O 18.h4 Bg4 19.Bf3 Qd7 20.c4 Rae8 21.Nc3 b6 22.Qg5 Bxf3
23.Rxf3 e4 24.Nxe4 Re5 25.Qd2 Qg4 26.Raf1 f5 27.Qg5 Rf7 28.R3f2 f4 29.Qxg4 hxg4
30.gxf4 Rh5 31.Ng5 Re7 32.Rg2 Rxh4 33.f5 Ne5 34.Re1 Rh5 35.Rge2 Nf3+ 36.Nxf3 Rxe2
37.Rxe2 gxf3 38.Re5 Kf7 39.d6 Rh6 40.Re7+ Kf8 41.Re6 Rxe6 42.fxe6 g5 43.Kf2 g4
44.b4  1-0

[Event "Hamburg op"]
[Site "Hamburg"]
[Date "1984.??.??"]
[Round "6"]
[White "Barczay, Laszlo"]
[Black "Muse, Mladen"]
[Result "1/2-1/2"]
[WhiteElo "2390"]
[BlackElo "2240"]

1.e4 c5 2.Nf3 Nc6 3.Nc3 Nf6 4.Bb5 Nd4 5.e5 Nxb5 6.Nxb5 Nd5 7.O-O a6 8.c4 Nb4
9.Nc3 Nc6 10.Re1 e6 11.d4 cxd4 12.Nxd4 Qc7 13.Bf4 Nxd4 14.Qxd4 Bc5 15.Qd3 f5
16.Na4 O-O 17.a3 b5 18.cxb5 axb5 19.Nxc5 Qxc5 20.Rac1 Qa7 21.Qxb5 Rb8 22.Be3 Qa8
23.Qd3  1/2-1/2

[Event "ISR-ch"]
[Site "?"]
[Date "1984.??.??"]
[Round "?"]
[White "Kagan, Shimon"]
[Black "Birnboim, Nathan"]
[Result "1-0"]
[WhiteElo "2455"]
[BlackElo "2440"]

1.e4 c5 2.Nc3 Nc6 3.Nge2 Nf6 4.g3 d5 5.exd5 Nxd5 6.Bg2 Be6 7.O-O Qd7 8.Ne4 b6
9.d4 cxd4 10.Nxd4 Nxd4 11.Qxd4 Rd8 12.a4 Nc7 13.Qc3 Nd5 14.Qd4 Nc7 15.Qxd7+ Bxd7
16.a5 e5 17.axb6 axb6 18.Rd1 Nb5 19.Be3 f5 20.Bxb6 Rb8 21.Nc5 Bc8 22.Bc6+ Kf7
23.Na4 Ba6 24.c4 Nd6 25.Bc7 Rc8 26.Bd5+ Kf6 27.Bxd6 Bxc4 28.Bxc4 Rxc4 29.Bxf8 Rxf8
30.Nb6  1-0

[Event "Kragujevac"]
[Site "Kragujevac"]
[Date "1984.??.??"]
[Round "8"]
[White "Lazic, Dragoljub"]
[Black "Vukic, Milan"]
[Result "0-1"]
[WhiteElo "2320"]
[BlackElo "2450"]

1.e4 c5 2.Nc3 Nc6 3.Nf3 e6 4.g3 Nf6 5.Bg2 d6 6.O-O Be7 7.d3 O-O 8.Re1 Bd7
9.Bf4 Ng4 10.h3 Nge5 11.Nxe5 dxe5 12.Be3 Nd4 13.Qd2 Qc7 14.f4 exf4 15.gxf4 f5
16.Ne2 Nxe2+ 17.Qxe2 Bd6 18.e5 Be7 19.Kh1 Bc6 20.Bxc6 Qxc6+ 21.Qg2 Rac8 22.b3 Kf7
23.Qxc6 Rxc6 24.a4 h6 25.Kg2 g5 26.Kf3 Kg6 27.Rg1 Kh5 28.Rg2 Rcc8 29.Rd1 Rcd8
30.Rdg1 Rg8 31.Rd1 a6 32.a5 Rg6 33.Rdg1 Rd5 34.Ra1 Bd8 35.Rgg1 Be7 36.Rge1 Rg7
37.Re2 Bd8 38.Rg2 Rgd7 39.Rgg1 Rg7 40.Rh1 Rg6 41.Rhg1 Be7 42.Rg2 Rg7 43.Re2 Bd8
44.Rg2 Rgd7 45.Re2 gxf4 46.Bxf4 Bg5 47.Bg3 Rg7 48.Ra4 Rd4 49.Rc4 Bh4 50.Bf4 Rg1
51.Bh2 Rf1+ 52.Kg2 Rxc4 53.Kxf1 Rb4 54.Rg2 Rb5 55.Rg7 Rxa5 56.Rxb7 Ra2 57.Bg1 Rxc2
58.Rb6 f4 59.Rxe6 Ra2 60.Bxc5 f3 61.Bd4 Re2 62.Bc3 Rc2  0-1

[Event "BKL-Turnier"]
[Site "Leipzig"]
[Date "1984.??.??"]
[Round "10"]
[White "Gross, Stefan"]
[Black "Polgar, Zsuzsa"]
[Result "0-1"]
[WhiteElo "2410"]
[BlackElo "2275"]

1.e4 c5 2.Nf3 Nc6 3.Nc3 g6 4.d4 cxd4 5.Nxd4 Bg7 6.Nde2 d6 7.g3 Nf6 8.Bg2 O-O
9.O-O Bg4 10.h3 Bd7 11.Nf4 Ne5 12.Nfd5 Nxd5 13.Nxd5 Bc6 14.Bg5 Re8 15.b3 b5
16.a4 Bxd5 17.exd5 a6 18.Qe2 Nd7 19.Ra2 Bf6 20.Bxf6 exf6 21.Qd2 Qb6 22.axb5 axb5
23.Rxa8 Rxa8 24.Re1 Kg7 25.Kh2 Rc8 26.c3 h5 27.Re4 Nc5 28.Rb4 Na6 29.Rf4 Nc7
30.Bf1 Re8 31.Kg2 Re5 32.c4 b4 33.Bd3 Qa5 34.Rf3 Na6 35.Qf4 Qd8 36.Qd4 Nc5
37.Bc2 Qe7 38.Re3 Rxe3 39.fxe3 Qa7 40.Qb2 Nd7 41.Kf2 Nc5 42.Qb1 Qa8 43.Qb2 Qc8
44.Kg2 Qe8 45.Qd4 Qa8 46.Qb2 Qa3 47.Qb1 Qa7 48.Qb2 Qe7 49.Qd4 Qe5 50.h4 Qe7
51.Qd2 Qb7 52.Bd1 Ne4 53.Qd4 Qe7 54.Bc2 Nc5 55.Kf2 Qa7 56.Qb2 Qa3 57.Qb1 Qa8
58.Qd1 Qa2 59.Kg1 Qb2 60.Kf1 Kf8 61.Ke1 Ke7 62.Kf1 Kf8 63.Kg1 g5 64.Kh1 Qc3
65.hxg5 fxg5 66.Bf5 g4  0-1

[Event "Leningrad"]
[Site "Leningrad"]
[Date "1984.??.??"]
[Round "6"]
[White "Mortensen, Erling"]
[Black "Tischbierek, Raj"]
[Result "1-0"]
[WhiteElo "2440"]
[BlackElo "2450"]

1.e4 c5 2.Nc3 Nc6 3.Nf3 d6 4.d4 cxd4 5.Nxd4 Nf6 6.Bc4 e6 7.Bb3 Be7 8.Be3 a6
9.f4 O-O 10.O-O Nxd4 11.Bxd4 b5 12.e5 dxe5 13.fxe5 Nd7 14.Ne4 Bb7 15.Nd6 Bxd6
16.exd6 Qg5 17.Rf2 a5 18.a4 Ra6 19.axb5 Rxd6 20.Qd2 Qh5 21.Qe3 a4 22.Rxa4 e5
23.Bc3 Rd1+ 24.Rf1 Rxf1+ 25.Kxf1 Nf6 26.Qxe5 Qd1+ 27.Qe1 Qd7 28.Kg1 Re8 29.Qf1 Ne4
30.Rd4 Qe7 31.Bb4  1-0

[Event "Bayern-ch"]
[Site "Marktredwitz"]
[Date "1984.??.??"]
[Round "?"]
[White "Pichler, Juergen"]
[Black "Seibold, Hubert"]
[Result "1/2-1/2"]
[WhiteElo "2345"]
[BlackElo "2235"]

1.e4 c5 2.Nc3 Nc6 3.Nge2 g6 4.d4 cxd4 5.Nxd4 Bg7 6.Nb3 Nf6 7.Be2 O-O 8.O-O d6
9.Kh1 a5 10.a4 Be6 11.f4 Qc8  1/2-1/2

[Event "Reykjavik"]
[Site "Reykjavik"]
[Date "1984.??.??"]
[Round "?"]
[White "Shamkovich, Leonid"]
[Black "Arnason, Jon L"]
[Result "1/2-1/2"]
[WhiteElo "2450"]
[BlackElo "2500"]

1.e4 c5 2.Nc3 Nc6 3.Nf3 Nf6 4.d4 cxd4 5.Nxd4 e6 6.Ndb5 d6 7.Bf4 e5 8.Bg5 a6
9.Bxf6 gxf6 10.Na3 Be6 11.Nc4 Rc8 12.Ne3 Bh6 13.Ncd5 Bxe3 14.Nxe3 Qb6 15.Bd3 Qb4+
16.Qd2 Qxb2 17.O-O Qd4 18.Rab1 Rc7 19.Kh1 Ne7 20.Qa5 Qc5 21.Qxc5 dxc5 22.c4 O-O
23.Nd5 Bxd5 24.exd5 Nc8 25.g4 Rd8 26.a4 Nd6 27.f3 Kg7 28.a5 h5 29.h3 Kh6
30.h4 Rh8 31.Rb6 Rd7 32.Kg2 Kg7 33.Kg3 Rg8 34.Rfb1 Re8 35.Bf5 Rdd8 36.Rxd6 Rxd6
37.Rxb7 hxg4 38.Kxg4 Rg8 39.Kh3 Rdd8 40.Rc7 Rb8 41.d6 Rb3 42.d7 Kh6 43.Be4 Rb2
44.d8=Q Rxd8 45.Rxf7 Rh8 46.Rxf6+ Kg7 47.Rg6+ Kf7 48.Rxa6 Ra2 49.Bd5+ Kg7
50.Ra7+ Kg6 51.a6 Ra1 52.Kg3 Rg1+ 53.Kf2 Ra1 54.Kg3 Rg1+ 55.Kf2 Ra1 56.Rc7 Rxa6
57.Kg3 Ra1 58.Rc6+ Kg7 59.Rxc5 Rg1+ 60.Kf2 Rc1 61.Rc7+ Kf6 62.Rc6+ Kg7 63.Rc7+  1/2-1/2

[Event "Kamen Piskov mem 4"]
[Site "Ruse"]
[Date "1984.??.??"]
[Round "8"]
[White "Grigorov, Jordan N"]
[Black "Gunev, Zlatan"]
[Result "1-0"]
[WhiteElo "2410"]
[BlackElo "2275"]

1.e4 c5 2.Nc3 Nc6 3.Nge2 e5 4.Nd5 Nf6 5.Nec3 Nxd5 6.Nxd5 d6 7.Bc4 Be7 8.d3 O-O
9.O-O Na5 10.f4 Nxc4 11.dxc4 f5 12.fxe5 dxe5 13.Nxe7+ Qxe7 14.Qd5+ Be6 15.Qxe5 fxe4
16.Bg5 Qd7 17.Qxe4 Bf5 18.Qd5+ Qxd5 19.cxd5 Bxc2 20.Rxf8+ Rxf8 21.Rc1 Bd3
22.d6 Bb5 23.a4 Bd7 24.Rxc5 Rf5 25.Rc7 Bxa4 26.Be7 Rd5 27.Rxb7 a6 28.Kf2 Kf7
29.Ke3 h6 30.h4 g6 31.g4 h5 32.Rb4 Be8 33.Rf4+ Ke6 34.Rf8 Kd7 35.g5 Rd1 36.Rh8 Rb1
37.Rh7 Kc6 38.Bf8 Bd7 39.Rg7 Rxb2 40.Rxg6 Rh2 41.Rh6 Rxh4 42.g6 Rg4 43.g7 Be8
44.Rf6 Bd7 45.Rf1 Rg3+ 46.Kf4 h4 47.Rc1+ Kd5 48.Rh1 Rg4+ 49.Kf3 Be6 50.Rxh4 Rg1
51.Kf2 Rg6 52.Rh6 Rxh6 53.d7 Rf6+ 54.Ke3 Bxd7 55.g8=Q+ Be6 56.Qg2+ Kc4 57.Qc2+ Kb5
58.Qb2+  1-0

[Event "Smederevska Palanka"]
[Site "Smederevska Palanka"]
[Date "1984.??.??"]
[Round "?"]
[White "Horvath, Tamas"]
[Black "Barlov, Dragan"]
[Result "1/2-1/2"]
[WhiteElo "2440"]
[BlackElo "2410"]

1.e4 c5 2.Nf3 Nc6 3.Nc3 e6 4.Bb5 Nge7 5.O-O d6 6.d4 cxd4 7.Nxd4 Bd7 8.Bg5 h6
9.Bh4 Qb6 10.Nb3 a6 11.Be2 Ne5 12.Qd2 g5 13.Bg3 N7g6 14.Kh1 Be7 15.a4 Qc7
16.a5 Bc6 17.Rfd1 h5 18.f3 h4 19.Bf2 Nf4 20.Bb6 Qd7 21.Bf1 Rh6 22.Nd4 Rc8
23.b3 Bd8 24.Bxd8 Rxd8 25.Nce2 Nxe2 26.Bxe2 Qe7 27.c4 Kf8 28.b4 Kg8 29.b5 Be8
30.Nc2 Kh7 31.c5 h3 32.g3 Bxb5 33.cxd6 Qf6 34.Rf1 Rxd6 35.Qe3 Bxe2 36.Qxe2 Qd8
37.Ne3 Rd2 38.Qe1 Rf6 39.Nd5 Rxd5 40.exd5 Qxd5 41.Qe4+ Qxe4 42.fxe4 Rg6 43.g4 Rh6
44.Rfc1 Kg6 45.Rc8 Kg7 46.Rc5 f6 47.Rc7+ Kg6 48.Re7 Nxg4 49.Rxe6 Kh5 50.Rf1 Kg6
51.e5 Kf7 52.exf6 Kxe6 53.f7 Rh8 54.f8=Q Rxf8 55.Rxf8 Ne5 56.Rb8 Nc6 57.Rxb7 Nxa5
58.Rb6+ Kf5 59.Kg1 Nc4 60.Rxa6 Nd2  1/2-1/2

[Event "Valjevo"]
[Site "Valjevo"]
[Date "1984.??.??"]
[Round "10"]
[White "Sahovic, Dragutin"]
[Black "Kudrin, Sergey"]
[Result "0-1"]
[WhiteElo "2430"]
[BlackElo "2550"]

1.Nc3 c5 2.e4 Nc6 3.Bb5 Nd4 4.Bc4 g6 5.Nf3 Bg7 6.O-O d6 7.Nxd4 cxd4 8.Ne2 Nf6
9.d3 d5 10.Bb5+ Bd7 11.Nxd4 dxe4 12.dxe4 Nxe4 13.Bxd7+ Qxd7 14.Nb3 Qxd1 15.Rxd1 O-O
16.c3 Rfd8 17.Be3 b6 18.Nd4 Rac8 19.Rd3 Nc5 20.Rd2 Ne4 21.Rd3 Kf8 22.Rad1 Ke8
23.Nb5 a6 24.f3 Nc5 25.Bxc5 Rxc5 26.Nd4 Rdd5 27.Nb3 Rxd3 28.Rxd3 Rc8 29.Kf2 Be5
30.g3 e6 31.f4 Bb8 32.Kf3 Ke7 33.Nd4 b5 34.Ke2 Ba7 35.Nf3 f6 36.b3 Bb6 37.Kd2 h6
38.h3 g5 39.fxg5 hxg5 40.g4 e5 41.Ne1 e4 42.Rd5 Ke6 43.Rf5 Rh8 44.Nc2 Rxh3
45.Nd4+ Bxd4 46.cxd4 Rd3+ 47.Ke2 Rxd4 48.Ke3 Rd3+ 49.Kxe4 Rg3 50.Rc5 Rxg4+
51.Ke3  0-1

[Event "Vrnjacka Banja"]
[Site "Vrnjacka Banja"]
[Date "1984.??.??"]
[Round "?"]
[White "Lechtynsky, Jiri"]
[Black "Simic, Radoslav"]
[Result "1/2-1/2"]
[WhiteElo "2470"]
[BlackElo "2485"]

1.e4 c5 2.Nf3 Nc6 3.Nc3 d6 4.d4 cxd4 5.Nxd4 Nf6 6.Be2 e5 7.Nb3 Be7 8.O-O O-O
9.f4 a5 10.a4 Nb4 11.Be3 Be6  1/2-1/2

[Event "Vrnjacka Banja"]
[Site "Vrnjacka Banja"]
[Date "1984.??.??"]
[Round "?"]
[White "Krnic, Zdenko"]
[Black "Simic, Radoslav"]
[Result "1/2-1/2"]
[WhiteElo "2410"]
[BlackElo "2485"]

1.e4 c5 2.Nf3 Nc6 3.Nc3 Nf6 4.g3 e5 5.Bh3 Be7 6.d3 d6 7.Bxc8 Rxc8 8.Bg5 Nd7
9.Bxe7 Nxe7 10.O-O O-O  1/2-1/2

[Event "Yerevan"]
[Site "Yerevan"]
[Date "1984.??.??"]
[Round "?"]
[White "Tseshkovsky, Vitaly"]
[Black "Mnatsakanian, Eduard A"]
[Result "1-0"]
[WhiteElo "2490"]
[BlackElo "2435"]

1.e4 c5 2.Nc3 Nc6 3.Nf3 Nf6 4.e5 Ng4 5.Qe2 f6 6.exf6 Nxf6 7.d4 cxd4 8.Nb5 e6
9.Nbxd4 Nxd4 10.Nxd4 Bc5 11.Nb3 O-O 12.Nxc5 Qa5+ 13.Bd2 Qxc5 14.O-O-O b6
15.Bc3 Bb7 16.f3 Bd5 17.Kb1 Rac8 18.Qd2 Qc6 19.Bxf6 Rxf6 20.c4 Bxc4 21.Bxc4 Qxc4
22.Rc1 Qa6 23.Qxd7 Rxc1+ 24.Rxc1 h6 25.a3 Qe2 26.Rc2 Qa6 27.h4 Kh7 28.h5 Qa5
29.Rc7 Qg5 30.Qe7 Rf5 31.Qxe6 Re5 32.Qc4 Qxh5 33.Rxa7 Qh1+ 34.Ka2 Qxg2 35.Qd3+ Qg6
36.Rd7 Qxd3 37.Rxd3  1-0

[Event "Zuerich op"]
[Site "Zuerich"]
[Date "1984.??.??"]
[Round "2"]
[White "Ekstroem, Roland"]
[Black "Sosonko, Gennadi"]
[Result "1/2-1/2"]
[WhiteElo "2415"]
[BlackElo "2565"]

1.e4 c5 2.Nf3 Nc6 3.Nc3 d6 4.Bb5 Bd7 5.O-O Nf6 6.Re1 e6 7.Bxc6 Bxc6 8.d4 cxd4
9.Qxd4 Be7 10.Bg5 O-O 11.Rad1 Qa5 12.Qd3 Rfd8 13.a3 Rac8 14.h4 a6 15.Qd2 Qb6
16.Qc1 Be8 17.Nd4 Rc4 18.Nf5 exf5 19.exf5 Qc7 20.Bxf6 Bxf6 21.Nd5 Rxc2 22.Nxc7 Rxc1
23.Rxc1 Bc6  1/2-1/2

[Event "OHRA-B"]
[Site "Amsterdam"]
[Date "1985.??.??"]
[Round "2"]
[White "Watson, William N"]
[Black "Hellers, Ferdinand"]
[Result "1/2-1/2"]
[WhiteElo "2435"]
[BlackElo "2380"]

1.e4 c5 2.Nc3 Nc6 3.Nge2 g6 4.d4 cxd4 5.Nxd4 Bg7 6.Nde2 Nf6 7.g3 b6 8.Bg2 Ba6
9.O-O O-O 10.Re1 Rc8 11.h3 d6 12.Be3 Nd7 13.Qd2 Re8 14.Nd4 b5 15.Nd5 Nde5
16.b3 e6 17.Nf4 Qa5 18.Qxa5 Nxa5 19.Nfe2 Nac6 20.Rad1 Red8 21.Rd2 b4 22.Red1 Nxd4
23.Bxd4 Bxe2 24.Rxe2 Nc6 25.Bxg7 Kxg7 26.Red2 Na5 27.a3 bxa3 28.Ra1 Rc3 29.Bf1 Nc6
30.Rxa3 Kf6 31.Kg2 d5 32.Ra6 Nb4 33.Rxa7 Nxc2 34.Be2  1/2-1/2

[Event "ITA-ch44"]
[Site "Arcidosso"]
[Date "1985.??.??"]
[Round "1"]
[White "Ceschia, Ivano"]
[Black "Vallifuoco, Giovanni"]
[Result "1-0"]
[WhiteElo "2215"]
[BlackElo "2120"]

1.e4 c5 2.Nc3 Nc6 3.Nge2 g6 4.d4 cxd4 5.Nxd4 Bg7 6.Be3 Nf6 7.Nb3 O-O 8.Be2 d6
9.g4 Be6 10.f4 Na5 11.f5 Bc4 12.Nxa5 Bxe2 13.Qxe2 Qxa5 14.Bd4 Rac8 15.O-O-O Rc6
16.Kb1 Rfc8 17.Rhf1 Rb6 18.Rd3 Ra6 19.g5 Rxc3 20.Rxc3 Qxa2+ 21.Kc1 Nxe4 22.Qxe4 Qa1+
23.Kd2 Qxf1 24.Rc8+ Bf8 25.f6 e5 26.Qxb7 Qf4+ 27.Be3 Qxh2+ 28.Kc3  1-0

[Event "ITA-ch44"]
[Site "Arcidosso"]
[Date "1985.??.??"]
[Round "4"]
[White "Ceschia, Ivano"]
[Black "Sanna, Gianlazzaro"]
[Result "1/2-1/2"]
[WhiteElo "2215"]
[BlackElo "2365"]

1.e4 c5 2.Nc3 Nc6 3.Nge2 e5 4.g3 d6 5.Bg2 f5 6.d3 Nf6 7.O-O Be7 8.Nd5 Nxd5
9.exd5 Nd4 10.f4 O-O 11.fxe5 dxe5 12.c4 Nxe2+ 13.Qxe2 Bd6 14.Bd2  1/2-1/2

[Event "ITA-ch44"]
[Site "Arcidosso"]
[Date "1985.??.??"]
[Round "11"]
[White "Gallo, Enrico"]
[Black "Sanna, Gianlazzaro"]
[Result "1-0"]
[WhiteElo "2030"]
[BlackElo "2365"]

1.e4 c5 2.Nc3 Nc6 3.Nf3 d6 4.d4 cxd4 5.Nxd4 Nf6 6.Bc4 Qb6 7.Ndb5 a6 8.Be3 Qa5
9.Nd4 e6 10.f3 Be7 11.Qd2 Qc7 12.Bb3 Na5 13.g4 b5 14.g5 Nd7 15.Bxe6 fxe6
16.Nxe6 Qc6 17.Nd5 Nc4 18.Qc3 Nde5 19.Nec7+ Kf7 20.Nxa8 Qxa8 21.O-O-O Bd8
22.f4 Nc6 23.Rhg1 Re8 24.g6+ hxg6 25.Rxg6 N6e5 26.fxe5 Kxg6 27.Rg1+ Kh7 28.e6 Ne5
29.e7 Rxe7 30.Bg5 Re8 31.Bxd8 Rxd8 32.Qg3 Bg4 33.h3 Rf8 34.hxg4 Rf3 35.Qh4+ Kg8
36.Ne7+ Kf7 37.Nf5 Qa7 38.Rd1 Nc4 39.Qh5+  1-0

[Event "AUT-ch"]
[Site "?"]
[Date "1985.??.??"]
[Round "4"]
[White "Herzog, Adolf"]
[Black "Titz, Heimo"]
[Result "1-0"]
[WhiteElo "2445"]
[BlackElo "2325"]

1.Nc3 c5 2.e4 Nc6 3.Nge2 d6 4.Ng3 Nf6 5.Bc4 e6 6.O-O Be7 7.f4 O-O 8.b3 a6
9.a4 d5 10.Bd3 d4 11.Nce2 e5 12.Bc4 exf4 13.Nxf4 d3 14.Bb2 dxc2 15.Qxc2 Nd4
16.Qd3 Bd6 17.Rae1 Qc7 18.Nfe2 Nxe2+ 19.Qxe2 Bg4 20.Qe3 Be5 21.d4 cxd4 22.Bxd4 Bxd4
23.Qxd4 Rad8 24.Qe3 Qe5 25.Nf5 b5 26.axb5 axb5 27.Bd3 Rfe8 28.h3 Bh5 29.Qg5 Bg6
30.Re3 Re6 31.Rg3 h6 32.Nxh6+ gxh6 33.Qxe5 Rxe5 34.Rxf6 Rd4 35.Rb6 Rb4 36.Bc4 Kf8
37.Rb8+ Re8 38.Rxb5 Rxb5 39.Bxb5 Rxe4 40.Bd3 Re6 41.Bxg6 fxg6 42.Kf2 Kg7
43.Re3 Rc6 44.Kf3 Kf6 45.g3 Rc2 46.Ke4 Rh2 47.h4 g5 48.hxg5+ hxg5 49.Kd4 g4
50.b4 Rb2 51.Kc4 Rc2+ 52.Kb3 Rc1 53.b5 Rb1+ 54.Kc4 Rc1+ 55.Kb4 Rf1 56.b6 Rf3
57.Rxf3+ gxf3  1-0

[Event "AUT-ch"]
[Site "?"]
[Date "1985.??.??"]
[Round "6"]
[White "Dueckstein, Andreas"]
[Black "Kwatschewsky, Leo"]
[Result "1-0"]
[WhiteElo "2335"]
[BlackElo "2325"]

1.e4 c5 2.Nc3 Nc6 3.Nge2 d6 4.d4 cxd4 5.Nxd4 Nf6 6.Bg5 e6 7.Qd2 Be7 8.O-O-O O-O
9.f4 h6 10.Bh4 e5 11.Nxc6 bxc6 12.fxe5 dxe5 13.Qxd8 Rxd8 14.Rxd8+ Bxd8 15.Bc4 Bg4
16.Rf1 Bh5 17.Rf5 g5 18.Bg3 Nd7 19.Nd1 Bb6 20.h4 Bg6 21.Rf3 gxh4 22.Bxh4 Nf8
23.Nf2 h5 24.Nh3 Nh7 25.Ng5 Bd8 26.Rg3 Kg7 27.Nf3 f6 28.Nd2 Bb6 29.Be6 Kh6
30.Rf3 Rd8 31.Rd3 Rd4 32.Rxd4 Bxd4 33.Bd7 c5 34.Bc6 Ng5 35.c3 Be3 36.Kd1 Kg7
37.Nc4 Bg1 38.Nd6 Ne6 39.Bg3 Be3 40.Ke2 Bc1 41.b3 Kh6 42.Bd7 Nf4+ 43.Bxf4+ exf4
44.Bf5 Bb2 45.Bxg6 Kxg6 46.c4 Be5 47.Nb7 Bd4 48.Nd8 a6 49.Ne6 Bg1 50.Kf3 f5
51.e5 h4 52.Nxf4+ Kf7 53.Nd5 Bh2 54.Nc7 Bxe5 55.Nxa6 Bd6 56.a3 Ke6 57.b4 cxb4
58.axb4 Bh2 59.Nc5+ Kd6 60.Nd3 Kc6 61.Nf4 Kd6 62.Ke3 Bg1+ 63.Kd3 Bf2 64.c5+ Kd7
65.Kc4 Be3 66.Ng6 Bf2 67.Kd5 Bg3 68.b5 Kc7 69.Ne5 Bf2 70.Nd3 Bg3 71.Ke6 f4
72.Ne5 Bf2 73.Kd5 Be3 74.Nf3 Bf2  1-0

[Event "AUT-ch"]
[Site "?"]
[Date "1985.??.??"]
[Round "13"]
[White "Wittmann, Walter"]
[Black "Herzog, Adolf"]
[Result "1-0"]
[WhiteElo "2385"]
[BlackElo "2445"]

1.e4 c5 2.Nc3 Nc6 3.Nge2 d6 4.d4 cxd4 5.Nxd4 g6 6.Be3 Nf6 7.Be2 Bg7 8.O-O O-O
9.Qd2 Ng4 10.Bxg4 Bxg4 11.Nd5 Rc8 12.c4 a6 13.Rac1 Bd7 14.b3 f5 15.exf5 gxf5
16.f4 e6 17.Nxc6 bxc6 18.Nb6 Rb8 19.c5 d5 20.Bd4 Rf7 21.Rf3 Bxd4+ 22.Qxd4 Rg7
23.Re1 Rb7 24.Ree3 Rg6 25.Rg3 Kf7 26.Rxg6 hxg6 27.Rh3 e5 28.Qxe5 Qg8 29.Rh8 Qg7
30.Nxd7  1-0